| 000 | 00000nam##2200000za#4500 |
| 001 | 9.691717 |
| 003 | CaOODSP |
| 005 | 20210624232906 |
| 007 | cr ||||||||||| |
| 008 | 150407|2006||||xxc|||||o f|0| 0 eng|d |
| 040 | |aCaOODSP|beng |
| 043 | |an-cn--- |
| 086 | 1 |aBT22-108/2006E-PDF |
| 110 | 1 |aCanada. |bTreasury Board. |
| 245 | 10|aRoles for government in evaluation quality assurance : discussion paper / |h[electronic resource]|cPrepared by : J. Bradley Couins & Tim Aubry |
| 260 | |aOttawa - Ontario : |bTreasury Board of Canada Secretariat |cApril 2006. |
| 300 | |a69p.|breferences, tables |
| 590 | |a09-02|b2009-01-09 |
| 690 | 07|aQuality standards|2gcpds |
| 720 | 1 |aCousins, J. Bradley |
| 720 | 1 |aAubry, Tim |
| 775 | 08|tRôle du gouvernement dans l'assurance de la qualité de l'évaluation : document de travail / |w(CaOODSP)9.636029 |
| 856 | 40|ahttp://publications.gc.ca|qPDF|s274 KB|uhttps://publications.gc.ca/collections/collection_2009/ct-tb/BT22-108-2006E.pdf |